Principe du Journalisme (Record no. 46225)
[ view plain ]
| 000 -LEADER | |
|---|---|
| fixed length control field | 00755nam a22002297a 4500 |
| 003 - CONTROL NUMBER IDENTIFIER | |
| control field | 0 |
| 005 - DATE AND TIME OF LATEST TRANSACTION | |
| control field | 20160609165026.0 |
| 008 - FIXED-LENGTH DATA ELEMENTS--GENERAL INFORMATION | |
| fixed length control field | 090930t xxu||||| |||| 00| 0 eng d |
| 040 ## - SOURCE DU CATALOGAGE | |
| Original cataloging agency | BUAC |
| Transcribing agency | BAC |
| Language of cataloging | FR |
| 041 ## - CODE DE LANGUE | |
| Language code of text/sound track or separate title | FR |
| 082 ## - DEWEY DECIMAL CLASSIFICATION NUMBER | |
| Classification number | 070.40 KOV |
| 100 ## - VEDETTE PRINCIPALE - NOM DE PERSONNE | |
| Personal name | KOVACH, Bill |
| 9 (RLIN) | 910 |
| 245 ## - TITLE STATEMENT | |
| Title | Principe du Journalisme |
| Remainder of title | :Ce que les journalistes doivent savoir,ce que le public doit exiger |
| Statement of responsibility, etc | Trad.de l'américain par Monique Berry |
| 260 ## - PUBLICATION, DISTRIBUTION, ETC. (IMPRINT) | |
| Place of publication, distribution, etc | New-York |
| Name of publisher, distributor, etc | Nouveaux Horizons |
| Date of publication, distribution, etc | 2004 |
| 300 ## - PHYSICAL DESCRIPTION | |
| Extent | 207p. |
| Other physical details | Couv.en Coul. |
| Dimensions | 24 cm |
| 600 ## - SUBJECT ADDED ENTRY--PERSONAL NAME | |
| Personal name | Rosenstiel,Tom |
| 9 (RLIN) | 911 |
| 650 ## - SUBJECT ADDED ENTRY--TOPICAL TERM | |
| Topical term or geographic name as entry element | Devoir du Journaliste |
| 9 (RLIN) | 912 |
| 650 ## - SUBJECT ADDED ENTRY--TOPICAL TERM | |
| Topical term or geographic name as entry element | Journalisme :Parole au sans voix |
| 9 (RLIN) | 913 |
| 650 ## - SUBJECT ADDED ENTRY--TOPICAL TERM | |
| Topical term or geographic name as entry element | Journalisme: un forum de discution |
| 9 (RLIN) | 914 |
| 700 ## - ADDED ENTRY--PERSONAL NAME | |
| Personal name | Rosenstiel, Tom |
| 9 (RLIN) | 944 |
| 942 ## - ADDED ENTRY ELEMENTS (KOHA) | |
| Koha item type | Livre |
| Withdrawn status | Lost status | Damaged status | Not for loan | Location (home branch) | Sublocation or collection (holding branch) | Date acquired | Source of acquisition | Koha issues (times borrowed) | Koha full call number | Piece designation (barcode) | Koha date last seen | Copy number | Price effective from | Koha item type |
|---|---|---|---|---|---|---|---|---|---|---|---|---|---|---|
| Bibliothèque American Corner de l'UAC | Bibliothèque American Corner de l'UAC | 01/10/2009 | Don CCA | 070.40 KOV | 0097 BAC | 01/10/2009 | 2 | 01/10/2009 | Livre | |||||
| Bibliothèque American Corner de l'UAC | Bibliothèque American Corner de l'UAC | 01/10/2009 | Don CCA | 070.40 KOV | 0098 BAC | 01/10/2009 | 2 | 01/10/2009 | Livre | |||||
| Bibliothèque Ecole Nationale Administration et Magistrature | Bibliothèque Ecole Nationale Administration et Magistrature | 12/07/2010 | Don PNUD | 070 KOV | 8921ENAM | 12/07/2010 | 12/07/2010 | Livre | ||||||
| Bibliothèque Ecole Nationale Administration et Magistrature | Bibliothèque Ecole Nationale Administration et Magistrature | 12/07/2010 | Don PNUD | 070 KOV | 8918ENAM | 12/07/2010 | 12/07/2010 | Livre | ||||||
| Bibliothèque Ecole Nationale Administration et Magistrature | Bibliothèque Ecole Nationale Administration et Magistrature | 12/07/2010 | Don PNUD | 070 KOV | 8919ENAM | 12/07/2010 | 12/07/2010 | Livre | ||||||
| Bibliothèque Ecole Nationale Administration et Magistrature | Bibliothèque Ecole Nationale Administration et Magistrature | 12/07/2010 | Don PNUD | 070 KOV | 8917ENAM | 12/07/2010 | 12/07/2010 | Livre | ||||||
| Bibliothèque Ecole Nationale Administration et Magistrature | Bibliothèque Ecole Nationale Administration et Magistrature | 12/07/2010 | Don PNUD | 070 KOV | 8920ENAM | 12/07/2010 | 12/07/2010 | Livre |